Futbolistas históricos del fútbol - Estadísticas

Estadísticas generales
  • Esta prueba ha sido intentada 443 veces
  • La puntuación promedio es 28 de 75
Estadísticas de respuestas
País Jugador % Correcto
Argentina Diego Maradona
97%
Brasil Pele
93%
Brasil Ronaldo
89%
Brasil Ronaldinho
83%
Argentina/España Di Stefano
82%
Hungría Puskas
81%
Brasil Roberto Carlos
76%
España Xavi
70%
Brasil Rivaldo
66%
Brasil Cafu
64%
Francia Zidane
64%
Portugal Eusebio
63%
Brasil Romario
61%
España Iker Casillas
60%
Portugal Luis Figo
59%
Brasil Zico
57%
Italia Paolo Maldini
56%
Brasil Garrincha
54%
Alemania Gerd Muller
53%
México Hugo Sánchez
53%
Brasil Kaka
52%
Irlanda del Norte George best
49%
Italia Gianluigi Buffon
49%
España Carles Puyol
48%
Brasil Sócrates
48%
Rusia/ URS Yashin
47%
Francia Platini
46%
Alemania Franck Beckenbauer
43%
Argentina Gabriel Batistuta
43%
Francia Thierry Henrry
43%
Liberia George Weah
42%
Holanda Van Basten
41%
Ucrania Shevchenko
40%
Italia Roberto Baggio
39%
Chequia Pavel Nedved
34%
Inglaterra David Beckham
33%
Inglaterra Way Rooney
33%
Italia Alessandro Del Piero
32%
Alemania Lothar Matthaus
31%
España Emilio Butragueño
30%
Nigeria Okocha
30%
Brasil Carlos Alberto
29%
Inglaterra Franck Lampard
28%
Italia Franco Baresi
27%
Bulgaria Stoichkov
27%
Alemania Oliver Kahn
26%
Italia Alessandro Nesta
25%
Italia Franchesco Totti
24%
Alemania Klose
24%
Argentina Javier Zanetti
23%
Inglaterra Michael Owen
23%
Argentina Hernan Crespo
22%
Argentina Pasarella
22%
Dinamarca Schmeichel
20%
Holanda Van persie
19%
Italia Paolo Rossi
18%
España Raul Gonzalez
18%
Holanda Van der sar
18%
España Paco Gento
17%
Francia Patrick Vieira
15%
Holanda Van nistelrooy
15%
Alemania Ballack
14%
Serbia Vidic
14%
España Luis Enrique
13%
Brasil Rivelino
13%
Inglaterra Raymond Kopa
11%
Inglaterra Steven Gerard
11%
Francia Éric Cantona
10%
Inglaterra Gordon Banks
10%
Inglaterra Keane
8%
Holanda Ruud Gulit
8%
España Juanito
4%
Portugal Rui Patricio
4%
Argentina Gabriel Bautista
3%
Brasil Junior
1%
No se encontraron pruebas coincidentes
Distribución de puntuación
Porcentaje de gente con cada puntuación
Porcentaje por número respondido
Historial de tus puntuaciones
No has intentado esta prueba.